[Event "17. Europa ch Juvenil - Femenino s16"]
[Site "Sibenik CRO"]
[Date "2007.09.21"]
[Round "8.18"]
[White "Babei, Angelica"]
[Black "Gvilava, Maya"]
[Result "1-0"]
[WhiteElo "1964"]
[BlackElo "2046"]
[PlyCount "38"]
[EventDate "2007.09.14"]
[EventType "swiss"]
[EventRounds "9"]
[EventCountry "CRO"]
[Source "lmi"]
[SourceDate "2007.09.14"]

1. e4 c5 2. d3 Nc6 3. f4 g6 4. Nf3 Bg7 5. g3 d6 6. Bg2 e6 7. O-O Nge7 8. c3 O-O
9. Be3 Rb8 10. d4 b6 11. Bf2 Ba6 12. Re1 Qc7 13. Na3 Rfc8 14. Qd2 Rd8 15. Rad1
Na5 16. d5 exd5 17. exd5 Nc4 18. Qe2 Nxb2 19. Qxb2 Bb7 1-0

[Event "17. Europa ch Juvenil - Femenino s16"]
[Site "Sibenik CRO"]
[Date "2007.09.21"]
[Round "8.19"]
[White "Vetrila, Sanda"]
[Black "Orehek, Spela"]
[Result "1/2-1/2"]
[WhiteElo "1999"]
[BlackElo "1847"]
[PlyCount "73"]
[EventDate "2007.09.14"]
[EventType "swiss"]
[EventRounds "9"]
[EventCountry "CRO"]
[Source "lmi"]
[SourceDate "2007.09.14"]

1. e4 e5 2. Bc4 Nf6 3. d3 Bc5 4. Nf3 d6 5. Bb3 Be6 6. c3 Nbd7 7. Bxe6 fxe6 8.
Qb3 Qe7 9. Qxb7 O-O 10. O-O Bb6 11. b4 Ng4 12. Bg5 Qf7 13. h3 Nxf2 14. Rxf2 Qh5
15. h4 Rab8 16. Qc6 Nf6 17. d4 exd4 18. Rf1 dxc3+ 19. Kh1 Ng4 20. Nxc3 Nf2+ 21.
Rxf2 Bxf2 22. e5 Rxb4 23. exd6 cxd6 24. Qxd6 Rb6 25. Qd3 h6 26. Be7 Re8 27. Rf1
Bg3 28. Bc5 Qxc5 29. Qg6 Qxc3 30. Qxe8+ Kh7 31. Ng5+ hxg5 32. Qh5+ Kg8 33. Qe8+
Kh7 34. hxg5 Qc4 35. Qh5+ Kg8 36. Qe8+ Kh7 37. Qh5+ 1/2-1/2

[Event "17. Europa ch Juvenil - Femenino s16"]
[Site "Sibenik CRO"]
[Date "2007.09.21"]
[Round "8.20"]
[White "Golek, Jagoda"]
[Black "Vince, Viola"]
[Result "1-0"]
[WhiteElo "1990"]
[BlackElo "1839"]
[PlyCount "93"]
[EventDate "2007.09.14"]
[EventType "swiss"]
[EventRounds "9"]
[EventCountry "CRO"]
[Source "lmi"]
[SourceDate "2007.09.14"]

1. e4 c5 2. Nf3 e6 3. d4 cxd4 4. Nxd4 a6 5. Be2 Qc7 6. O-O Nf6 7. Nc3 Nc6 8.
Be3 b5 9. a3 Bb7 10. Bd3 Ne5 11. Qe2 Neg4 12. Nf3 Bd6 13. h3 Nxe3 14. Qxe3 Bc5
15. Qg5 Rg8 16. e5 h6 17. Qg3 g5 18. Kh1 Nh5 19. Qg4 Nf4 20. Be4 h5 21. Qg3
O-O-O 22. Bxb7+ Kxb7 23. Nxg5 Nd5 24. f4 d6 25. exd6 Bxd6 26. Qf3 Kb8 27. Nxd5
exd5 28. h4 Qd7 29. Rae1 f6 30. Ne6 Rde8 31. Qxd5 Rg4 32. Qxh5 Reg8 33. Re2 Qb7
34. Rf3 Qc6 35. c3 Qc4 36. Nd4 Kb7 37. b3 Qc8 38. Qd5+ Ka7 39. Qxd6 Rxh4+ 40.
Kg1 Rh7 41. Re7+ Rxe7 42. Qxe7+ Ka8 43. Qe4+ Kb8 44. Nc6+ Kc7 45. Ne7 Rxg2+ 46.
Kxg2 Qg4+ 47. Rg3 1-0

[Event "17. Europa ch Juvenil - Femenino s16"]
[Site "Sibenik CRO"]
[Date "2007.09.21"]
[Round "8.21"]
[White "Karapetyan, Lusine"]
[Black "Zeevi, Neta"]
[Result "0-1"]
[WhiteElo "1949"]
[BlackElo "1719"]
[PlyCount "84"]
[EventDate "2007.09.14"]
[EventType "swiss"]
[EventRounds "9"]
[EventCountry "CRO"]
[Source "lmi"]
[SourceDate "2007.09.14"]

1. e4 e5 2. Nf3 Nc6 3. d4 exd4 4. Nxd4 Bc5 5. Nxc6 Qf6 6. Qf3 bxc6 7. Bc4 d6 8.
Nd2 Be6 9. Qxf6 Nxf6 10. f3 O-O-O 11. Ba6+ Kb8 12. Nb3 Bb6 13. a4 Bxb3 14. cxb3
d5 15. a5 Bd4 16. Ra4 c5 17. b4 Rhe8 18. bxc5 Bxc5 19. Bf4 dxe4 20. Ke2 Nd5 21.
Bg5 Rd6 22. Rxe4 Rxe4+ 23. fxe4 Rxa6 24. exd5 Rg6 25. h4 f6 26. Bd2 Rxg2+ 27.
Kd3 Rg4 28. b4 Bd6 29. Re1 Rxh4 30. a6 Kc8 31. Re8+ Kd7 32. Rb8 g5 33. Be3 Rxb4
34. Rxb4 Bxb4 35. Bxa7 Kc8 36. Kc4 Bd6 37. Kb5 Be5 38. Kc6 g4 39. Bg1 Kb8 40.
Kd7 h5 41. Ke6 h4 42. Kf5 h3 0-1

[Event "17. Europa ch Juvenil - Femenino s16"]
[Site "Sibenik CRO"]
[Date "2007.09.21"]
[Round "8.22"]
[White "Fernandez, Laura"]
[Black "Haug, Marianne Wold"]
[Result "1/2-1/2"]
[WhiteElo "2036"]
[BlackElo "1685"]
[PlyCount "71"]
[EventDate "2007.09.14"]
[EventType "swiss"]
[EventRounds "9"]
[EventCountry "CRO"]
[Source "lmi"]
[SourceDate "2007.09.14"]

1. e4 c5 2. Nf3 Nc6 3. d4 cxd4 4. Nxd4 g6 5. Nc3 Bg7 6. Be3 Nf6 7. Bc4 O-O 8.
Bb3 a5 9. f3 d5 10. Nxc6 bxc6 11. O-O e6 12. Kh1 Nd7 13. a4 Nb6 14. Bd4 Ba6 15.
Re1 Nc4 16. Bxg7 Kxg7 17. Rb1 d4 18. Ne2 e5 19. Bxc4 Bxc4 20. f4 c5 21. fxe5
Re8 22. Nf4 Rxe5 23. Nd3 Bxd3 24. cxd3 Rb8 25. b3 Rb4 26. Rf1 Qb6 27. Qf3 Re7
28. h3 Rb7 29. Rb2 Qe6 30. Rc2 Qe7 31. Rfc1 Rxb3 32. Rxc5 Rb1 33. Qd1 Qxc5 34.
Rxb1 Rxb1 35. Qxb1 Qb4 36. Qd1 1/2-1/2

[Event "17. Europa ch Juvenil - Femenino s16"]
[Site "Sibenik CRO"]
[Date "2007.09.21"]
[Round "8.23"]
[White "Dincel, Melodi"]
[Black "Asgarova, Turan"]
[Result "1/2-1/2"]
[WhiteElo "1794"]
[BlackElo "1989"]
[PlyCount "77"]
[EventDate "2007.09.14"]
[EventType "swiss"]
[EventRounds "9"]
[EventCountry "CRO"]
[Source "lmi"]
[SourceDate "2007.09.14"]

1. c4 g6 2. Nc3 Bg7 3. g3 Nf6 4. Bg2 d6 5. e4 O-O 6. Nge2 c5 7. h3 Nc6 8. O-O
a6 9. d3 Rb8 10. a4 e6 11. Be3 Nb4 12. Qd2 b6 13. d4 cxd4 14. Nxd4 Bb7 15. Rfd1
Qc7 16. Rac1 Rfd8 17. Nce2 Nc6 18. Qc2 Nxd4 19. Nxd4 Rbc8 20. Qb1 Qe7 21. b4 d5
22. exd5 exd5 23. c5 bxc5 24. bxc5 Ba8 25. Qb6 Nd7 26. Qd6 Qxd6 27. cxd6 Ne5
28. Nb3 Rb8 29. Na5 Rxd6 30. f4 Nc6 31. Nxc6 Bxc6 32. a5 Ba4 33. Rd3 d4 34. Bf2
Bb5 35. Rd2 d3 36. Bb6 Re8 37. Bf1 Bd4+ 38. Bxd4 Rxd4 39. Kf2 1/2-1/2

[Event "17. Europa ch Juvenil - Femenino s16"]
[Site "Sibenik CRO"]
[Date "2007.09.21"]
[Round "8.24"]
[White "Manyoki, Anna"]
[Black "Thorsteinsdottir, Hallgerdur"]
[Result "1-0"]
[WhiteElo "1979"]
[BlackElo "1808"]
[PlyCount "61"]
[EventDate "2007.09.14"]
[EventType "swiss"]
[EventRounds "9"]
[EventCountry "CRO"]
[Source "lmi"]
[SourceDate "2007.09.14"]

1. e4 c6 2. d4 d5 3. Nc3 dxe4 4. Nxe4 Bf5 5. Ng3 Bg6 6. h4 h6 7. Nf3 Nd7 8. Bd3
Bxd3 9. Qxd3 e6 10. Bd2 Ngf6 11. O-O-O Be7 12. Kb1 O-O 13. Ne4 Nxe4 14. Qxe4
Nf6 15. Qe2 Qd5 16. Rhe1 b5 17. Ne5 Rfd8 18. g4 Nd7 19. g5 hxg5 20. hxg5 Nxe5
21. dxe5 Qc5 22. g6 fxg6 23. Qg4 Kf7 24. Re3 Qd5 25. Rg1 g5 26. Qh5+ Kg8 27.
Bc1 Bc5 28. Qxg5 Qd7 29. Rh3 Bf8 30. Rgh1 Qd4 31. Qg6 1-0

[Event "17. Europa ch Juvenil - Femenino s16"]
[Site "Sibenik CRO"]
[Date "2007.09.21"]
[Round "8.25"]
[White "Deur, Zrinka"]
[Black "Barbageorgopoulou, Despina"]
[Result "1-0"]
[WhiteElo "1943"]
[BlackElo "1715"]
[PlyCount "105"]
[EventDate "2007.09.14"]
[EventType "swiss"]
[EventRounds "9"]
[EventCountry "CRO"]
[Source "lmi"]
[SourceDate "2007.09.14"]

1. e4 e5 2. Nf3 Nf6 3. Nxe5 d6 4. Nf3 Nxe4 5. Nc3 Nxc3 6. dxc3 Be7 7. Bd3 O-O
8. h4 Re8 9. Be3 Bf6 10. Qd2 Be6 11. O-O-O c6 12. c4 c5 13. Bg5 Nd7 14. b3 Qb6
15. Bf1 Rac8 16. Qxd6 Qb4 17. Kb1 Rc6 18. Qd2 Bc3 19. Qc1 Ra6 20. Bd2 Bxd2 21.
Nxd2 Nb6 22. Qb2 Rd8 23. Bd3 Nc8 24. Ne4 Qb6 25. Ng5 h6 26. Nxe6 fxe6 27. Rhe1
Rd6 28. Be4 Qd8 29. Rd3 Rab6 30. g3 a5 31. Red1 Qc7 32. Qa3 Ra6 33. Qa4 Kf7 34.
h5 Ke7 35. Bg6 Rac6 36. Be4 Ra6 37. Bg6 Rac6 38. Qa3 Rb6 39. Qc1 Kf8 40. Rf3+
Kg8 41. Rf7 Qd8 42. Rd3 Rxd3 43. cxd3 Ne7 44. Qc3 Nf5 45. g4 Nd4 46. Qe1 Qd6
47. Qxa5 Ra6 48. Qc7 Qxc7 49. Rxc7 Ra8 50. Rxc5 Rf8 51. Rc7 b5 52. Rd7 bxc4 53.
Rxd4 1-0

[Event "17. Europa ch Juvenil - Femenino s16"]
[Site "Sibenik CRO"]
[Date "2007.09.21"]
[Round "8.28"]
[White "Batkovskyte, Dominyka"]
[Black "Arce Calva, Elvira"]
[Result "1-0"]
[WhiteElo "1924"]
[BlackElo "1841"]
[PlyCount "73"]
[EventDate "2007.09.14"]
[EventType "swiss"]
[EventRounds "9"]
[EventCountry "CRO"]
[Source "lmi"]
[SourceDate "2007.09.14"]

1. d4 d5 2. c4 e6 3. Nc3 c5 4. cxd5 cxd4 5. Qa4+ Bd7 6. Qxd4 exd5 7. Qxd5 Nc6
8. Nf3 Nf6 9. Qd1 Qb6 10. a3 O-O-O 11. Qc2 Bc5 12. e3 Be7 13. Be2 Qa5 14. O-O
g5 15. Bd2 g4 16. Nb5 Qb6 17. Ne5 Be8 18. Nd4 Kb8 19. Ndxc6+ bxc6 20. Nc4 Qc7
21. Ba5 Qb7 22. Bxd8 Bxd8 23. Nd6 Qc7 24. Qb3+ Ka8 25. Ba6 Qb6 26. Qxb6 Bxb6
27. Bb7+ Kb8 28. Nxe8 Rxe8 29. Bxc6 Rc8 30. Rac1 h5 31. Rc3 h4 32. Rfc1 g3 33.
hxg3 hxg3 34. f3 Rd8 35. Kf1 Rd2 36. R3c2 Rd3 37. Bb5 1-0

[Event "17. Europa ch Juvenil - Femenino s16"]
[Site "Sibenik CRO"]
[Date "2007.09.23"]
[Round "9.1"]
[White "Muzychuk, Mariya"]
[Black "Mammadova, Gulnar"]
[Result "0-1"]
[WhiteElo "2330"]
[BlackElo "2217"]
[PlyCount "96"]
[EventDate "2007.09.14"]
[EventType "swiss"]
[EventRounds "9"]
[EventCountry "CRO"]
[Source "lmi"]
[SourceDate "2007.09.14"]

1. e4 d6 2. Nc3 Nf6 3. d4 g6 4. Bg5 Bg7 5. Qd2 c6 6. Bh6 Bxh6 7. Qxh6 Qa5 8.
Bd3 Nbd7 9. Nf3 c5 10. O-O cxd4 11. Nxd4 Qb6 12. Nb3 a6 13. a4 Ne5 14. a5 Qc7
15. f4 Nxd3 16. cxd3 Be6 17. Nd4 Qc5 18. Nce2 Bg4 19. Rfc1 Qa7 20. Kf1 Bxe2+
21. Nxe2 Ng4 22. Qh4 Ne3+ 23. Kg1 Nc2+ 24. Kf1 Nxa1 25. Rxa1 Qe3 26. Rd1 Rc8
27. Nc3 e6 28. Qf2 Qxf2+ 29. Kxf2 Rc5 30. Ra1 O-O 31. Ke3 Rfc8 32. g4 R5c6 33.
e5 d5 34. f5 b5 35. Ne2 Rc2 36. b3 exf5 37. gxf5 Re8 38. d4 Rb2 39. Nf4 Rxb3+
40. Kf2 Rc8 41. Nxd5 Rc2+ 42. Kg1 gxf5 43. Nf6+ Kg7 44. Kh1 Rbb2 45. Rg1+ Kh6
46. Rg3 Rb1+ 47. Rg1 Rxg1+ 48. Kxg1 b4 0-1

[Event "17. Europa ch Juvenil - Femenino s16"]
[Site "Sibenik CRO"]
[Date "2007.09.23"]
[Round "9.2"]
[White "Ozturk, Kubra"]
[Black "Repina, Varvara"]
[Result "1/2-1/2"]
[WhiteElo "2167"]
[BlackElo "2196"]
[PlyCount "80"]
[EventDate "2007.09.14"]
[EventType "swiss"]
[EventRounds "9"]
[EventCountry "CRO"]
[Source "lmi"]
[SourceDate "2007.09.14"]

1. d4 d5 2. c4 e6 3. Nc3 Be7 4. e3 Nf6 5. Nf3 O-O 6. Bd3 dxc4 7. Bxc4 a6 8. Bd3
c5 9. O-O b5 10. a4 b4 11. Ne4 Nbd7 12. Qc2 cxd4 13. Nxd4 Bb7 14. Rd1 Rc8 15.
Nxf6+ Nxf6 16. Qe2 Qd5 17. Nf3 Qa5 18. e4 Nd7 19. Be3 Nc5 20. Bxc5 Rxc5 21. Bc4
Bf6 22. Rd7 Qb6 23. Qe3 Bc8 24. Rd2 Qc7 25. Bf1 a5 26. Rad1 Rc2 27. e5 Be7 28.
Rxc2 Qxc2 29. Qc1 Qxc1 30. Rxc1 Rd8 31. Be2 f6 32. Rc7 Kf8 33. Kf1 fxe5 34. Ra7
Bf6 35. Rxa5 e4 36. Ne5 Rd5 37. Ra8 Bxe5 38. Rxc8+ Ke7 39. Rc4 Bxb2 40. Rxb4
Bd4 1/2-1/2

[Event "17. Europa ch Juvenil - Femenino s16"]
[Site "Sibenik CRO"]
[Date "2007.09.23"]
[Round "9.3"]
[White "Tsatsalashvili, Keti"]
[Black "Havlikova, Kristyna"]
[Result "1-0"]
[WhiteElo "2181"]
[BlackElo "2164"]
[PlyCount "67"]
[EventDate "2007.09.14"]
[EventType "swiss"]
[EventRounds "9"]
[EventCountry "CRO"]
[Source "lmi"]
[SourceDate "2007.09.14"]

1. d4 Nf6 2. c4 g6 3. Nc3 Bg7 4. e4 d6 5. Nf3 O-O 6. h3 e5 7. d5 a5 8. Bg5 Na6
9. Nd2 c6 10. a3 h6 11. Be3 cxd5 12. cxd5 Bd7 13. Nc4 Qe7 14. Nxa5 Rfc8 15. Nc4
Rab8 16. Nb6 Rd8 17. Bd3 Ne8 18. Qd2 Kh7 19. g4 Nec7 20. b4 Na8 21. Nxd7 Qxd7
22. Rc1 Rbc8 23. f3 Qe7 24. h4 N6c7 25. Kf2 Ne8 26. h5 g5 27. Rc2 Bf6 28. Rhc1
Kg8 29. Nb5 Rxc2 30. Rxc2 Qd7 31. Qc1 Be7 32. Na7 Nac7 33. b5 Bf6 34. b6 1-0

[Event "17. Europa ch Juvenil - Femenino s16"]
[Site "Sibenik CRO"]
[Date "2007.09.23"]
[Round "9.4"]
[White "Korchagina, Viktoria"]
[Black "Guadamuro Torrente, Anabel"]
[Result "0-1"]
[WhiteElo "2152"]
[BlackElo "2095"]
[PlyCount "96"]
[EventDate "2007.09.14"]
[EventType "swiss"]
[EventRounds "9"]
[EventCountry "CRO"]
[Source "lmi"]
[SourceDate "2007.09.14"]

1. e4 e5 2. Nf3 Nc6 3. Bb5 Nf6 4. d3 d6 5. c3 g6 6. Bg5 Bg7 7. Nbd2 O-O 8. Nf1
a6 9. Ba4 b5 10. Bc2 Bb7 11. Ne3 h6 12. Bh4 Qd7 13. h3 Nh5 14. O-O Nf4 15. Bg3
Ne7 16. d4 Rad8 17. Qd2 f5 18. exf5 Nxh3+ 19. Kh2 Bxf3 20. Kxh3 Bb7 21. Bh4
Nxf5 22. Nxf5 Rxf5 23. Bxf5 Qxf5+ 24. Kh2 Qh5 25. Kg3 g5 26. Rh1 Qg6 27. Bxg5
hxg5 28. d5 Qf5 29. Rad1 Kf7 30. Rh5 Kg6 31. Rh3 Bxd5 32. f3 Be6 33. Kf2 Qf4
34. Qxf4 exf4 35. Rhh1 Ra8 36. a3 Bc4 37. Rhe1 Be5 38. Rd2 Kf5 39. Rh1 Rh8 40.
Rdd1 Rxh1 41. Rxh1 Kg6 42. Re1 a5 43. Rc1 c5 44. Rc2 d5 45. Rd2 Kf5 46. Rc2 d4
47. cxd4 Bxd4+ 48. Ke1 Bd3 0-1

[Event "17. Europa ch Juvenil - Femenino s16"]
[Site "Sibenik CRO"]
[Date "2007.09.23"]
[Round "9.5"]
[White "Paulauskaite, Gintare"]
[Black "Warakomska, Anna"]
[Result "1/2-1/2"]
[WhiteElo "2015"]
[BlackElo "2133"]
[PlyCount "110"]
[EventDate "2007.09.14"]
[EventType "swiss"]
[EventRounds "9"]
[EventCountry "CRO"]
[Source "lmi"]
[SourceDate "2007.09.14"]

1. e4 c5 2. Nf3 e6 3. d4 cxd4 4. Nxd4 a6 5. Be2 Nf6 6. Nc3 Qc7 7. O-O Be7 8. f4
d6 9. Be3 b5 10. a3 Bb7 11. Bf3 O-O 12. Qe1 Nc6 13. Nxc6 Bxc6 14. Rd1 Rfd8 15.
Qg3 Qb7 16. e5 Ne8 17. f5 dxe5 18. fxe6 f6 19. Bh5 Rxd1 20. Nxd1 Be4 21. Bf7+
Kh8 22. Bh6 Bc5+ 23. Kh1 Qe7 24. Ne3 Qf8 25. b4 Bd6 26. Qh4 Bc6 27. Nf5 gxh6
28. Bxe8 Bxe8 29. Nxd6 Qxd6 30. Qxf6+ Kg8 31. Qxh6 Bg6 32. h4 Qxe6 33. h5 Qc4
34. Rf3 Qxc2 35. hxg6 Qxg6 36. Qd2 Qe6 37. Rh3 Rf8 38. Qg5+ Kh8 39. Rh6 Qf5 40.
Qxf5 Rxf5 41. Rxa6 Rf1+ 42. Kh2 Ra1 43. Kg3 Ra2 44. Kf3 e4+ 45. Kxe4 Rxg2 46.
Ra5 Ra2 47. Rxb5 Rxa3 48. Ra5 Rb3 49. b5 h5 50. Kd5 Kg7 51. Kc6 Kg6 52. b6 h4
53. b7 h3 54. Ra2 Kg5 55. Kc7 Kg4 1/2-1/2

[Event "17. Europa ch Juvenil - Femenino s16"]
[Site "Sibenik CRO"]
[Date "2007.09.23"]
[Round "9.6"]
[White "Eric, Jovana"]
[Black "Shlakich, Anna"]
[Result "0-1"]
[WhiteElo "2041"]
[BlackElo "2169"]
[PlyCount "144"]
[EventDate "2007.09.14"]
[EventType "swiss"]
[EventRounds "9"]
[EventCountry "CRO"]
[Source "lmi"]
[SourceDate "2007.09.14"]

1. e4 c5 2. Nf3 e6 3. c4 Nc6 4. Nc3 b6 5. Be2 Bb7 6. d4 cxd4 7. Nxd4 Nf6 8. Be3
Qb8 9. O-O Nxd4 10. Qxd4 Bd6 11. h3 Be5 12. Qd3 Bxc3 13. Qxc3 Bxe4 14. Bd4 Qd8
15. g4 O-O 16. f3 Bb7 17. Qe3 d6 18. f4 Nd7 19. Rad1 Qc7 20. Bc3 Rfd8 21. b4
Rac8 22. Bb2 Ba6 23. Rc1 Nf8 24. g5 Bb7 25. Bg4 Qc6 26. Bf3 Qd7 27. Qc3 e5 28.
fxe5 d5 29. Rfd1 Qxh3 30. Bg2 Qg4 31. Qf3 Rxc4 32. Rxc4 Qxc4 33. a3 Qc2 34. Rf1
Rd7 35. Bd4 Ne6 36. Qe3 Qg6 37. a4 Qxg5 38. Qxg5 Nxg5 39. a5 Ne6 40. Bh3 Ba6
41. Ra1 bxa5 42. Rxa5 Bc4 43. Bxa7 Rb7 44. Bc5 h6 45. Ra8+ Kh7 46. Bf5+ g6 47.
Bxe6 fxe6 48. Re8 d4 49. Bxd4 g5 50. Bc5 Kg6 51. Bd6 h5 52. Rg8+ Rg7 53. Rf8 h4
54. b5 Kh5 55. b6 Bd5 56. Bc7 Kg4 57. Rb8 Rf7 58. Rd8 Bb7 59. Rd4+ Kh5 60. Ra4
g4 61. Ra7 Bd5 62. b7 Bxb7 63. Rxb7 g3 64. Ra7 Rd7 65. Kg2 Rd2+ 66. Kf3 Rf2+
67. Ke3 Rf7 68. Bb6 Rxa7 69. Bxa7 Kg4 70. Ke2 Kh3 71. Kf1 Kh2 72. Ke2 Kg2 0-1

[Event "17. Europa ch Juvenil - Femenino s16"]
[Site "Sibenik CRO"]
[Date "2007.09.23"]
[Round "9.8"]
[White "Ildzhirinova, Saglara"]
[Black "Homiakova, Elena"]
[Result "0-1"]
[WhiteElo "2106"]
[BlackElo "2012"]
[PlyCount "94"]
[EventDate "2007.09.14"]
[EventType "swiss"]
[EventRounds "9"]
[EventCountry "CRO"]
[Source "lmi"]
[SourceDate "2007.09.14"]

1. e4 c5 2. Nf3 Nc6 3. d4 cxd4 4. Nxd4 g6 5. c4 Nf6 6. Nc3 Nxd4 7. Qxd4 d6 8.
Be2 Bg7 9. O-O O-O 10. Bg5 Be6 11. Qd2 Qa5 12. Rfd1 Rfc8 13. b3 b5 14. Nxb5
Qxd2 15. Bxd2 Nxe4 16. Rab1 a6 17. Na3 Bc3 18. Be1 Bf5 19. Bd3 Be5 20. f3 Nc3
21. Bxc3 Bxc3 22. Bxf5 gxf5 23. Nc2 Rc6 24. Ne3 e6 25. Rd3 Ba5 26. Kf1 Rb8 27.
Rbd1 Bc7 28. f4 Kg7 29. Ke2 Kf6 30. Kf3 Ke7 31. h3 h5 32. Nf1 Rg8 33. Ng3 h4
34. Nf1 e5 35. Rd5 e4+ 36. Kf2 Bb6+ 37. Ne3 Rg3 38. Re1 Ke6 39. Re2 Rc8 40. Rd1
Rcg8 41. Rg1 a5 42. Ree1 Bd4 43. Re2 Kd7 44. Ree1 Kc6 45. Re2 Kc5 46. Ree1 Kb4
47. Re2 Ka3 0-1

[Event "17. Europa ch Juvenil - Femenino s16"]
[Site "Sibenik CRO"]
[Date "2007.09.23"]
[Round "9.10"]
[White "Mnatsakanyan, Diana"]
[Black "Agrest, Inna"]
[Result "1-0"]
[WhiteElo "1970"]
[BlackElo "2077"]
[PlyCount "73"]
[EventDate "2007.09.14"]
[EventType "swiss"]
[EventRounds "9"]
[EventCountry "CRO"]
[Source "lmi"]
[SourceDate "2007.09.14"]

1. e4 e5 2. Nf3 Nc6 3. Bb5 a6 4. Ba4 Nf6 5. O-O b5 6. Bb3 Bc5 7. a4 Rb8 8. axb5
axb5 9. Nxe5 Nxe5 10. d4 Bxd4 11. Qxd4 d6 12. c3 O-O 13. Bg5 h6 14. Bh4 c5 15.
Qe3 Bb7 16. f3 Re8 17. Rd1 Qe7 18. Nd2 Ng6 19. Bg3 Nh5 20. Nf1 Ne5 21. Qf2 Nxg3
22. Qxg3 c4 23. Bc2 h5 24. Ne3 h4 25. Qf2 g6 26. Ra7 Qf6 27. f4 Nd3 28. Bxd3
cxd3 29. Ng4 Qh8 30. e5 dxe5 31. fxe5 Red8 32. Rf1 Rf8 33. Nf6+ Kg7 34. Nd7 Qh5
35. Qf6+ Kg8 36. Nxf8 Rxf8 37. Rxb7 1-0

[Event "17. Europa ch Juvenil - Femenino s16"]
[Site "Sibenik CRO"]
[Date "2007.09.23"]
[Round "9.12"]
[White "Kulon, Klaudia"]
[Black "Golek, Jagoda"]
[Result "1-0"]
[WhiteElo "2170"]
[BlackElo "1990"]
[PlyCount "77"]
[EventDate "2007.09.14"]
[EventType "swiss"]
[EventRounds "9"]
[EventCountry "CRO"]
[Source "lmi"]
[SourceDate "2007.09.14"]

1. e4 c5 2. Nf3 a6 3. c4 d6 4. d4 cxd4 5. Nxd4 Nf6 6. Nc3 e6 7. b3 Be7 8. Bb2
O-O 9. Be2 Qc7 10. O-O b6 11. f4 Bb7 12. Bf3 Nbd7 13. Rc1 Rac8 14. Qe2 Rfd8 15.
g4 Ne8 16. g5 Nf8 17. Qg2 Ng6 18. Qg3 Nxf4 19. Qxf4 e5 20. Qd2 exd4 21. Nd5
Bxd5 22. cxd5 Qd7 23. Bh5 f6 24. Rxc8 Rxc8 25. Qg2 Rc7 26. Bxd4 Kh8 27. Bxe8
Qxe8 28. gxf6 Bf8 29. Bxb6 Rf7 30. Bd4 gxf6 31. Qg4 Be7 32. Kh1 Rg7 33. Qe6 Qh5
34. Bxf6 Bxf6 35. Qxf6 Qe2 36. Qf3 Qxa2 37. Qf8+ Rg8 38. Qf6+ Rg7 39. Rg1 1-0

[Event "17. Europa ch Juvenil - Femenino s16"]
[Site "Sibenik CRO"]
[Date "2007.09.23"]
[Round "9.13"]
[White "Sikorska, Dorota"]
[Black "Bragina, Anastasia"]
[Result "1/2-1/2"]
[WhiteElo "1915"]
[BlackElo "2059"]
[PlyCount "105"]
[EventDate "2007.09.14"]
[EventType "swiss"]
[EventRounds "9"]
[EventCountry "CRO"]
[Source "lmi"]
[SourceDate "2007.09.14"]

1. e4 c5 2. Nc3 Nc6 3. g3 g6 4. Bg2 Bg7 5. d3 d6 6. Be3 e5 7. Qd2 Nge7 8. Bh6
Bxh6 9. Qxh6 Nd4 10. O-O-O Be6 11. Nd5 Bxd5 12. exd5 Nef5 13. Qd2 f6 14. h4 Qd7
15. g4 Ne7 16. g5 f5 17. f4 O-O-O 18. Re1 exf4 19. c3 Nb5 20. Nh3 Nc7 21. Nxf4
Rhe8 22. h5 gxh5 23. Nxh5 Nexd5 24. c4 Nb4 25. a3 Rxe1+ 26. Rxe1 Nc6 27. Nf6
Qf7 28. Bxc6 bxc6 29. Qf4 Qg6 30. Qh4 Rf8 31. Re7 Rf7 32. Rxf7 Qxf7 33. Nxh7
Qe7 34. Qh3 Qe5 35. Qf3 Kb7 36. Nf8 f4 37. g6 Ne8 38. Qe4 Qxe4 39. dxe4 Nf6 40.
g7 f3 41. Kd1 Kc7 42. Nh7 Ng8 43. Ke1 Kd7 44. Kf2 Ke7 45. Kxf3 Kf7 46. Ng5+
Kxg7 47. Ne6+ Kf6 48. Nd8 Ne7 49. Ke3 Ke5 50. Nb7 Nc8 51. Na5 Ne7 52. Nb3 Ng6
53. Na5 1/2-1/2

[Event "17. Europa ch Juvenil - Femenino s16"]
[Site "Sibenik CRO"]
[Date "2007.09.23"]
[Round "9.17"]
[White "Orehek, Spela"]
[Black "Hitter, Gabriela"]
[Result "1-0"]
[WhiteElo "1847"]
[BlackElo "2083"]
[PlyCount "125"]
[EventDate "2007.09.14"]
[EventType "swiss"]
[EventRounds "9"]
[EventCountry "CRO"]
[Source "lmi"]
[SourceDate "2007.09.14"]

1. e4 c5 2. c3 d5 3. exd5 Qxd5 4. d4 Nf6 5. Nf3 e6 6. Be2 cxd4 7. cxd4 Nc6 8.
O-O Be7 9. Nc3 Qd6 10. Nb5 Qd8 11. Bf4 Nd5 12. Bg3 a6 13. Nc3 O-O 14. Ne5 Bf6
15. Bf3 Nce7 16. Qb3 Ra7 17. Rfd1 g6 18. Rac1 h5 19. Ne4 Bg7 20. Nc5 f6 21. Nc4
b6 22. Ne4 Bh6 23. Rc2 f5 24. Ned6 f4 25. Nxc8 Nxc8 26. Ne5 Rg7 27. Rdc1 Nce7
28. Bh4 g5 29. Bxg5 Rxg5 30. Rd1 h4 31. h3 Qe8 32. Bg4 Nf5 33. Nf3 Rg7 34. Re2
Rd7 35. Rde1 Nc7 36. Qxb6 Qb8 37. Qc6 Rd6 38. Qc5 Rd5 39. Qc4 Qb7 40. Rc1 Rf7
41. Rd1 Rb5 42. b3 Rb4 43. Qd3 Qd5 44. Qe4 Qb5 45. Ne5 Rg7 46. Nc6 a5 47. Nxb4
axb4 48. Rc2 Rd7 49. Rc5 Qb8 50. Bxf5 exf5 51. Qxf5 Rg7 52. d5 Qa8 53. Qc2 Qb7
54. f3 Bg5 55. d6 Ne6 56. Rc8+ Bd8 57. Re1 Qb6+ 58. Qf2 Qxd6 59. Rxe6 Qxe6 60.
Rxd8+ Kf7 61. Qxh4 Qb6+ 62. Kh2 Qc7 63. Rd4 1-0

[Event "17. Europa ch Juvenil - Femenino s16"]
[Site "Sibenik CRO"]
[Date "2007.09.23"]
[Round "9.18"]
[White "Haug, Marianne Wold"]
[Black "Vetrila, Sanda"]
[Result "1/2-1/2"]
[WhiteElo "1685"]
[BlackElo "1999"]
[PlyCount "62"]
[EventDate "2007.09.14"]
[EventType "swiss"]
[EventRounds "9"]
[EventCountry "CRO"]
[Source "lmi"]
[SourceDate "2007.09.14"]

1. e4 c5 2. Nf3 e6 3. d4 cxd4 4. Nxd4 Nf6 5. Nc3 Nc6 6. Ndb5 Bb4 7. a3 Bxc3+ 8.
Nxc3 d5 9. exd5 exd5 10. Bd3 O-O 11. O-O d4 12. Ne4 Bf5 13. Bg5 Bxe4 14. Bxe4
h6 15. Bxf6 Qxf6 16. Re1 Rad8 17. Qf3 Qxf3 18. Bxf3 Rd7 19. Rad1 Na5 20. b3
Rfd8 21. Re2 g6 22. Red2 Rc7 23. Kf1 Rc3 24. Rxd4 Rxd4 25. Rxd4 Rxc2 26. Rd8+
Kg7 27. Rd7 Nxb3 28. Bd5 Nc5 29. Rxf7+ Kh8 30. Rf8+ Kg7 31. Rf7+ Kh8 1/2-1/2

[Event "17. Europa ch Juvenil - Femenino s16"]
[Site "Sibenik CRO"]
[Date "2007.09.23"]
[Round "9.19"]
[White "Forgues, Valerie"]
[Black "Deur, Zrinka"]
[Result "0-1"]
[WhiteElo "1983"]
[BlackElo "1943"]
[PlyCount "54"]
[EventDate "2007.09.14"]
[EventType "swiss"]
[EventRounds "9"]
[EventCountry "CRO"]
[Source "lmi"]
[SourceDate "2007.09.14"]

1. e4 c5 2. Nf3 Nc6 3. d4 cxd4 4. Nxd4 Nf6 5. Nc3 e5 6. Ndb5 d6 7. Bg5 a6 8.
Na3 b5 9. Nd5 Be7 10. Bxf6 Bxf6 11. c3 Bg5 12. Nc2 O-O 13. a4 bxa4 14. Rxa4 a5
15. Bc4 Be6 16. O-O Rb8 17. b3 g6 18. f4 exf4 19. Nxf4 Bxc4 20. Rxc4 Qb6+ 21.
Kh1 Bxf4 22. Rxf4 Ne5 23. Rd4 Qxb3 24. h4 Qxc3 25. Rxd6 Qg3 26. Rdf6 Rfd8 27.
Qg1 Ng4 0-1